000 00683cam a2200229 a 4500
001 000010113
005 20200929161841.0
008 890607s1988 sp a 001 0 spa
020 _a847517261X
040 _aDO-SdBNP
_cDLC
_dDLC
082 _a861.64
_bJ91a
100 1 _aJuaristi, Jon.
_d1951-
_q(Jon Juaristi Linacero)
_925111
245 1 0 _aArte de marear /
_cJon Juaristi.
260 _aMadrid :
_bHiperión,
_c1988.
300 _a58 p. :
_bil. ;
_c20 cm.
490 1 _aPoesía Hiperión
_v137
650 4 _aPoesía española
_9631
650 4 _aLiteratura española
_9632
830 0 _aPoesía Hiperión ;
_v137
_914707
910 _aCatalogación por copia / LC
049 _aBNGR
999 _c9872
_d9872